Plant diseases (Record no. 396054)

MARC details
000 -LEADER
fixed length control field 00470 a2200193 4500
005 - DATE & TIME
control field 20260318092633.0
008 - FIXED-LENGTH DATA ELEMENTS--GENERAL INFORMATION
fixed length control field 260316b |||||||| |||| 00| 0 eng d
020 ## - ISBN
International Standard Book Number 97881965445008
Price Rs. 795.00
040 ## - CATALOGING SOURCE
Original cataloging agency VIVEKANANDA LIBRARY
082 ## - DDC NUMBER
Classification number 632
Book Number S64P(11)
100 ## - MAIN ENTRY--PERSONAL NAME
Personal name Singh, R S
245 ## - TITLE STATEMENT
Title Plant diseases
250 ## - EDITION STATEMENT
Edition statement 11th
260 ## - PUBLICATION, DISTRIBUTION, ETC. (IMPRINT)
Name of publisher, distributor, etc MedTech Science Press
Date of publication, distribution, etc 2024
Place of publication, distribution, etc New Delhi
300 ## - PHYSICAL DESCRIPTION
Pages xxiii, 821
650 ## - Subject
Subject Botany
650 ## - Subject
Subject Plant Diseases
942 ## - ADDED ENTRY ELEMENTS (KOHA)
Koha item type Books
Holdings
Withdrawn status Lost status Source of classification or shelving scheme Damaged status Not for loan Location (home branch) Sublocation or collection (holding branch) Shelving location Date acquired Koha issues (times borrowed) Koha full call number Accession No. Koha date last seen Koha item type
    Dewey Decimal Classification     VIVEKANANDA LIBRARY VIVEKANANDA LIBRARY Vivekananda Library 17/02/2026   632 S64P(11) 438336 17/02/2026 Books
© Designed and Maintained by Vivekananda Library, MDU Rohtak